000 00214 a2200097 4500
001 58648
100 _a
245 _aHistorians dispute
260 _aLahore
_bProgressive Publications
_c1992
090 _c35972
_d35972
942 _aNUST-CAE
_c
_c28860
999 _c293721
_d293721